[Event "DVM U20 2021"]
[Site "Kiel GER"]
[Date "2022.07.26"]
[Round "7"]
[White "Pavlov, Liliane"]
[Black "Rothenberg, Jannik"]
[Result "0-1"]
[Termination "normal"]
[Board "6.5"]
[WhiteElo "1758"]
[BlackElo "1889"]
[WhiteClock "00:30:00"]
[BlackClock "00:22:47"]
[WhiteTeam "SC Bavaria Regensburg von 1881 e.V."]
[BlackTeam "Post SV Uelzen"]
[PlyCount "104"]
[WhiteFideId "16225449"]
[BlackFideId "16204743"]
[EventCountry "GER"]
[EventRounds "7"]
[EventType "team-swiss"]
[EventDate "2022.07.22"]

1. d4 {[%clk 01:30:56]} {[%emt 00:00:03]} g6 {[%clk 01:29:01]} {[%emt
00:01:59]} 2. c4 {[%clk 01:31:15]} {[%emt 00:00:12]} Bg7 {[%clk 01:29:23]}
{[%emt 00:00:08]} 3. Nf3 {[%clk 01:31:38]} {[%emt 00:00:06]} d6 {[%clk
01:28:41]} {[%emt 00:01:13]} 4. g3 {[%clk 01:31:56]} {[%emt 00:00:12]} Nd7
{[%clk 01:28:03]} {[%emt 00:01:08]} 5. Bg2 {[%clk 01:32:15]} {[%emt 00:00:10]}
e5 {[%clk 01:26:06]} {[%emt 00:02:28]} 6. Nc3 {[%clk 01:31:16]} {[%emt
00:01:29]} Ne7 {[%clk 01:24:22]} {[%emt 00:02:14]} 7. e4 {[%clk 01:28:38]}
{[%emt 00:03:08]} O-O {[%clk 01:23:12]} {[%emt 00:01:40]} 8. O-O {[%clk
01:28:58]} {[%emt 00:00:09]} exd4 {[%clk 01:22:15]} {[%emt 00:01:28]} 9. Nxd4
{[%clk 01:29:01]} {[%emt 00:00:27]} Nc6 {[%clk 01:17:01]} {[%emt 00:05:44]} 10.
Nxc6 {[%clk 01:28:41]} {[%emt 00:00:50]} bxc6 {[%clk 01:17:22]} {[%emt
00:00:09]} 11. Qc2 {[%clk 01:27:28]} {[%emt 00:01:42]} Ne5 {[%clk 01:12:28]}
{[%emt 00:05:24]} 12. b3 {[%clk 01:27:01]} {[%emt 00:00:57]} c5 {[%clk
01:10:39]} {[%emt 00:02:20]} 13. Bb2 {[%clk 01:25:44]} {[%emt 00:01:46]} Nc6
{[%clk 01:10:30]} {[%emt 00:00:39]} 14. Nd5 {[%clk 01:21:01]} {[%emt 00:05:13]}
Nd4 {[%clk 01:09:26]} {[%emt 00:01:34]} 15. Qd2 {[%clk 01:20:11]} {[%emt
00:01:20]} Be6 {[%clk 01:07:59]} {[%emt 00:01:57]} 16. Ne3 {[%clk 01:18:45]}
{[%emt 00:01:56]} Qd7 {[%clk 00:58:23]} {[%emt 00:10:07]} 17. f4 {[%clk
01:16:38]} {[%emt 00:02:36]} Rae8 {[%clk 00:51:58]} {[%emt 00:06:55]} 18. f5
{[%clk 01:05:35]} {[%emt 00:11:33]} gxf5 {[%clk 00:50:38]} {[%emt 00:01:50]}
19. exf5 {[%clk 01:02:38]} {[%emt 00:03:27]} Nxf5 {[%clk 00:49:49]} {[%emt
00:01:19]} 20. Nxf5 {[%clk 01:01:55]} {[%emt 00:01:13]} Bxf5 {[%clk 00:49:39]}
{[%emt 00:00:41]} 21. Qg5 {[%clk 00:59:49]} {[%emt 00:02:35]} Bg6 {[%clk
00:49:43]} {[%emt 00:00:26]} 22. Bxg7 {[%clk 00:59:12]} {[%emt 00:01:07]} Kxg7
{[%clk 00:50:02]} {[%emt 00:00:11]} 23. h4 {[%clk 00:58:13]} {[%emt 00:01:29]}
Re5 {[%clk 00:49:03]} {[%emt 00:01:30]} 24. Qf6+ {[%clk 00:56:59]} {[%emt
00:01:44]} Kg8 {[%clk 00:49:13]} {[%emt 00:00:19]} 25. Kh2 {[%clk 00:53:56]}
{[%emt 00:03:33]} Rfe8 {[%clk 00:48:42]} {[%emt 00:01:01]} 26. a3 {[%clk
00:50:56]} {[%emt 00:03:31]} a5 {[%clk 00:43:52]} {[%emt 00:05:19]} 27. Ra2
{[%clk 00:48:25]} {[%emt 00:03:01]} Qe6 {[%clk 00:40:26]} {[%emt 00:03:56]} 28.
Bd5 {[%clk 00:44:09]} {[%emt 00:04:45]} Qxf6 {[%clk 00:39:56]} {[%emt
00:01:01]} 29. Rxf6 {[%clk 00:44:33]} {[%emt 00:00:06]} Re2+ {[%clk 00:39:47]}
{[%emt 00:00:39]} 30. Rf2 {[%clk 00:44:37]} {[%emt 00:00:25]} Rxa2 {[%clk
00:35:50]} {[%emt 00:04:27]} 31. Rxa2 {[%clk 00:44:56]} {[%emt 00:00:12]} Re3
{[%clk 00:32:49]} {[%emt 00:03:31]} 32. Rb2 {[%clk 00:44:27]} {[%emt 00:00:59]}
Be4 {[%clk 00:30:37]} {[%emt 00:02:42]} 33. Bxe4 {[%clk 00:44:18]} {[%emt
00:00:39]} Rxe4 {[%clk 00:30:54]} {[%emt 00:00:13]} 34. Kh3 {[%clk 00:42:35]}
{[%emt 00:02:12]} Kg7 {[%clk 00:30:20]} {[%emt 00:01:05]} 35. h5 {[%clk
00:41:13]} {[%emt 00:01:51]} f5 {[%clk 00:29:46]} {[%emt 00:01:05]} 36. Rf2
{[%clk 00:39:00]} {[%emt 00:02:42]} Kf6 {[%clk 00:29:51]} {[%emt 00:00:26]} 37.
Rf4 {[%clk 00:38:23]} {[%emt 00:01:07]} Kg5 {[%clk 00:27:32]} {[%emt 00:02:50]}
38. Rf3 {[%clk 00:36:05]} {[%emt 00:02:46]} h6 {[%clk 00:27:00]} {[%emt
00:01:03]} 39. a4 {[%clk 00:34:39]} {[%emt 00:01:56]} Re2 {[%clk 00:24:05]}
{[%emt 00:03:25]} 40. Rd3 {[%clk 00:33:12]} {[%emt 00:01:57]} Kxh5 {[%clk
00:24:08]} {[%emt 00:00:27]} 41. Rf3 {[%clk 00:33:17]} {[%emt 00:00:25]} Kg5
{[%clk 00:24:23]} {[%emt 00:00:15]} 42. Rd3 {[%clk 00:33:34]} {[%emt 00:00:13]}
h5 {[%clk 00:23:34]} {[%emt 00:01:19]} 43. Rf3 {[%clk 00:33:41]} {[%emt
00:00:23]} Re4 {[%clk 00:23:38]} {[%emt 00:00:25]} 44. Rd3 {[%clk 00:33:06]}
{[%emt 00:01:05]} h4 {[%clk 00:23:35]} {[%emt 00:00:34]} 45. gxh4+ {[%clk
00:33:13]} {[%emt 00:00:23]} Rxh4+ {[%clk 00:23:57]} {[%emt 00:00:08]} 46. Kg3
{[%clk 00:33:24]} {[%emt 00:00:19]} f4+ {[%clk 00:23:42]} {[%emt 00:00:45]} 47.
Kf2 {[%clk 00:32:27]} {[%emt 00:01:26]} Kf5 {[%clk 00:23:14]} {[%emt 00:00:59]}
48. Rd5+ {[%clk 00:31:53]} {[%emt 00:01:04]} Ke4 {[%clk 00:23:32]} {[%emt
00:00:12]} 49. Kg2 {[%clk 00:32:07]} {[%emt 00:00:16]} Rg4+ {[%clk 00:23:36]}
{[%emt 00:00:26]} 50. Kf2 {[%clk 00:32:24]} {[%emt 00:00:13]} Rg3 {[%clk
00:23:48]} {[%emt 00:00:18]} 51. Rd2 {[%clk 00:31:51]} {[%emt 00:01:02]} Rxb3
{[%clk 00:24:03]} {[%emt 00:00:15]} 52. Rc2 {[%clk 00:30:00]} {[%emt 00:02:21]}
Kd4 {[%clk 00:22:47]} {[%emt 00:01:47]} 0-1

[Event "DVM U20 2021"]
[Site "Kiel GER"]
[Date "2022.07.26"]
[Round "7"]
[White "Falke, Philipp"]
[Black "Neugirg, Mika"]
[Result "1/2-1/2"]
[Termination "normal"]
[Board "6.6"]
[WhiteElo "1508"]
[BlackElo "1553"]
[WhiteClock "00:00:56"]
[BlackClock "00:02:36"]
[WhiteTeam "Post SV Uelzen"]
[BlackTeam "SC Bavaria Regensburg von 1881 e.V."]
[PlyCount "70"]
[WhiteFideId "16294696"]
[BlackFideId "34619160"]
[EventCountry "GER"]
[EventRounds "7"]
[EventType "team-swiss"]
[EventDate "2022.07.22"]

1. e4 {[%clk 01:30:51]} {[%emt 00:00:08]} c6 {[%clk 01:30:53]} {[%emt
00:00:08]} 2. d4 {[%clk 01:31:01]} {[%emt 00:00:20]} d5 {[%clk 01:31:17]}
{[%emt 00:00:06]} 3. f3 {[%clk 01:31:00]} {[%emt 00:00:31]} Qb6 {[%clk
01:31:37]} {[%emt 00:00:09]} 4. Nc3 {[%clk 01:28:37]} {[%emt 00:02:54]} dxe4
{[%clk 01:31:46]} {[%emt 00:00:22]} 5. fxe4 {[%clk 01:28:17]} {[%emt 00:00:49]}
e5 {[%clk 01:32:06]} {[%emt 00:00:09]} 6. Nf3 {[%clk 01:19:52]} {[%emt
00:08:55]} exd4 {[%clk 01:30:52]} {[%emt 00:01:44]} 7. Qxd4 {[%clk 01:16:05]}
{[%emt 00:04:17]} Qxd4 {[%clk 01:29:19]} {[%emt 00:02:03]} 8. Nxd4 {[%clk
01:16:32]} {[%emt 00:00:04]} Bc5 {[%clk 01:27:11]} {[%emt 00:02:38]} 9. Nf5
{[%clk 01:11:56]} {[%emt 00:05:05]} g6 {[%clk 01:24:16]} {[%emt 00:03:24]} 10.
Nh6 {[%clk 01:01:53]} {[%emt 00:10:36]} Nxh6 11. Bxh6 {[%clk 01:02:19]} Be6
{[%clk 01:17:46]} {[%emt 00:03:32]} 12. O-O-O {[%clk 00:59:26]} {[%emt
00:03:25]} Nd7 {[%clk 01:14:46]} {[%emt 00:03:28]} 13. a3 {[%clk 00:49:39]}
{[%emt 00:10:19]} Bf8 {[%clk 01:11:09]} {[%emt 00:04:07]} 14. Bf4 {[%clk
00:44:57]} {[%emt 00:05:11]} Bg7 {[%clk 01:07:40]} {[%emt 00:03:58]} 15. Ne2
{[%clk 00:43:45]} {[%emt 00:01:44]} Nc5 {[%clk 00:58:09]} {[%emt 00:09:57]} 16.
Nd4 {[%clk 00:32:17]} {[%emt 00:12:01]} Bg4 {[%clk 00:50:48]} {[%emt 00:07:45]}
17. Nf3 {[%clk 00:29:35]} {[%emt 00:03:19]} Rd8 {[%clk 00:38:30]} {[%emt
00:12:43]} 18. Bc4 {[%clk 00:25:46]} {[%emt 00:04:24]} Rxd1+ {[%clk 00:31:45]}
{[%emt 00:07:15]} 19. Rxd1 {[%clk 00:25:36]} {[%emt 00:00:39]} Be6 {[%clk
00:30:11]} {[%emt 00:01:58]} 20. Bxe6 {[%clk 00:21:16]} {[%emt 00:04:57]} Nxe6
{[%clk 00:29:58]} {[%emt 00:00:42]} 21. Be5 {[%clk 00:19:26]} {[%emt 00:02:21]}
f6 {[%clk 00:28:35]} {[%emt 00:01:51]} 22. Bb8 {[%clk 00:14:39]} {[%emt
00:05:18]} a6 {[%clk 00:27:32]} {[%emt 00:01:32]} 23. Ba7 {[%clk 00:11:48]}
{[%emt 00:03:23]} Ke7 {[%clk 00:25:45]} {[%emt 00:02:11]} 24. Bb6 {[%clk
00:10:44]} {[%emt 00:01:39]} Nf8 {[%clk 00:19:40]} {[%emt 00:06:31]} 25. Rd3
{[%clk 00:07:33]} {[%emt 00:03:46]} Nd7 {[%clk 00:19:07]} {[%emt 00:01:01]} 26.
Rb3 {[%clk 00:04:45]} {[%emt 00:03:21]} Re8 {[%clk 00:16:21]} {[%emt 00:03:10]}
27. Bd4 {[%clk 00:04:17]} {[%emt 00:01:02]} c5 {[%clk 00:14:23]} {[%emt
00:02:24]} 28. Bf2 {[%clk 00:03:15]} {[%emt 00:01:36]} b5 {[%clk 00:13:33]}
{[%emt 00:01:20]} 29. Rd3 {[%clk 00:01:56]} {[%emt 00:01:46]} c4 {[%clk
00:11:16]} {[%emt 00:02:46]} 30. Rd5 {[%clk 00:01:48]} {[%emt 00:00:42]} Rd8
{[%clk 00:08:49]} {[%emt 00:02:54]} 31. Nd4 {[%clk 00:01:25]} {[%emt 00:00:57]}
Rc8 {[%clk 00:07:56]} {[%emt 00:01:21]} 32. Bg3 {[%clk 00:00:45]} {[%emt
00:01:13]} c3 {[%clk 00:03:54]} {[%emt 00:04:30]} 33. b3 {[%clk 00:00:43]}
{[%emt 00:00:33]} Ne5 {[%clk 00:03:14]} {[%emt 00:01:10]} 34. Bxe5 {[%clk
00:00:59]} {[%emt 00:00:15]} fxe5 {[%clk 00:03:38]} {[%emt 00:00:05]} 35. Nf3
{[%clk 00:00:56]} {[%emt 00:00:33]} Bh6+ {[%clk 00:02:36]} {[%emt 00:03:34]}
1/2-1/2

[Event "DVM U20 2021"]
[Site "Kiel GER"]
[Date "2022.07.26"]
[Round "7"]
[White "Melde, Benjamin"]
[Black "Pralle, Finnegan"]
[Result "0-1"]
[Termination "normal"]
[Board "7.1"]
[WhiteElo "2147"]
[BlackElo "1912"]
[WhiteClock "00:12:17"]
[BlackClock "00:42:40"]
[WhiteTeam "Schachfreunde Essen-Katernberg 04/32 e. V."]
[BlackTeam "Biebertaler Schachfreunde"]
[PlyCount "86"]
[WhiteFideId "12958816"]
[BlackFideId "12986615"]
[EventCountry "GER"]
[EventRounds "7"]
[EventType "team-swiss"]
[EventDate "2022.07.22"]

1. c4 {[%clk 01:30:39]} {[%emt 00:00:20]} e5 {[%clk 01:30:53]} {[%emt
00:00:07]} 2. Nc3 {[%clk 01:31:05]} {[%emt 00:00:05]} Nc6 {[%clk 01:31:20]}
{[%emt 00:00:03]} 3. g3 {[%clk 01:31:29]} {[%emt 00:00:06]} g6 {[%clk
01:31:44]} {[%emt 00:00:05]} 4. Bg2 {[%clk 01:31:54]} {[%emt 00:00:04]} Bg7
{[%clk 01:32:11]} {[%emt 00:00:04]} 5. Rb1 {[%clk 01:32:17]} {[%emt 00:00:07]}
f5 {[%clk 01:31:14]} {[%emt 00:01:27]} 6. b4 {[%clk 01:32:03]} {[%emt
00:00:45]} Nf6 {[%clk 01:31:06]} {[%emt 00:00:37]} 7. b5 {[%clk 01:12:03]}
{[%emt 00:20:30]} Ne7 {[%clk 01:30:40]} {[%emt 00:00:57]} 8. Nf3 {[%clk
01:12:10]} {[%emt 00:00:23]} e4 {[%clk 01:29:16]} {[%emt 00:01:54]} 9. Nd4
{[%clk 01:09:49]} {[%emt 00:02:50]} c5 {[%clk 01:26:25]} {[%emt 00:03:22]} 10.
bxc6 {[%clk 01:07:41]} {[%emt 00:02:37]} dxc6 {[%clk 01:19:24]} {[%emt
00:07:32]} 11. Nc2 {[%clk 00:47:48]} {[%emt 00:20:23]} Ng4 {[%clk 01:17:18]}
{[%emt 00:02:36]} 12. Na4 {[%clk 00:47:06]} {[%emt 00:01:12]} O-O {[%clk
01:13:26]} {[%emt 00:04:21]} 13. O-O {[%clk 00:32:11]} {[%emt 00:15:25]} Ne5
{[%clk 01:07:30]} {[%emt 00:06:27]} 14. Ne3 {[%clk 00:23:16]} {[%emt 00:09:25]}
f4 {[%clk 01:04:04]} {[%emt 00:03:54]} 15. gxf4 {[%clk 00:23:40]} {[%emt
00:00:07]} Rxf4 {[%clk 01:04:14]} {[%emt 00:00:20]} 16. Nc5 {[%clk 00:23:46]}
{[%emt 00:00:24]} Nf5 {[%clk 00:57:40]} {[%emt 00:07:04]} 17. Nxf5 {[%clk
00:23:47]} {[%emt 00:00:29]} Rxf5 {[%clk 00:52:21]} {[%emt 00:05:49]} 18. Nxe4
{[%clk 00:23:48]} {[%emt 00:00:29]} Qh4 {[%clk 00:51:24]} {[%emt 00:01:28]} 19.
Qb3 {[%clk 00:15:21]} {[%emt 00:08:57]} Rh5 {[%clk 00:39:43]} {[%emt 00:12:11]}
20. c5+ {[%clk 00:15:44]} {[%emt 00:00:06]} Kh8 {[%clk 00:39:54]} {[%emt
00:00:19]} 21. Qg3 {[%clk 00:16:08]} {[%emt 00:00:07]} Qe7 {[%clk 00:34:47]}
{[%emt 00:05:36]} 22. d3 {[%clk 00:09:38]} {[%emt 00:07:00]} Be6 {[%clk
00:27:02]} {[%emt 00:08:15]} 23. Bg5 {[%clk 00:08:26]} {[%emt 00:01:42]} Qd7
{[%clk 00:26:43]} {[%emt 00:00:50]} 24. Nf6 {[%clk 00:08:24]} {[%emt 00:00:31]}
Qf7 {[%clk 00:23:08]} {[%emt 00:04:05]} 25. Nxh5 {[%clk 00:07:11]} {[%emt
00:01:43]} gxh5 {[%clk 00:23:33]} {[%emt 00:00:06]} 26. d4 {[%clk 00:04:34]}
{[%emt 00:03:07]} Ng6 {[%clk 00:23:24]} {[%emt 00:00:38]} 27. e3 {[%clk
00:03:55]} {[%emt 00:01:09]} Rg8 {[%clk 00:21:46]} {[%emt 00:02:07]} 28. Qf3
{[%clk 00:03:41]} {[%emt 00:00:45]} Qd7 {[%clk 00:20:10]} {[%emt 00:02:07]} 29.
Bf6 {[%clk 00:02:00]} {[%emt 00:02:11]} Bg4 {[%clk 00:20:24]} {[%emt 00:00:15]}
30. Bxg7+ {[%clk 00:02:11]} {[%emt 00:00:19]} Rxg7 {[%clk 00:20:27]} {[%emt
00:00:26]} 31. Qf6 {[%clk 00:02:18]} {[%emt 00:00:24]} Bh3 {[%clk 00:19:37]}
{[%emt 00:01:20]} 32. Rxb7 {[%clk 00:01:15]} {[%emt 00:01:33]} Qxb7 {[%clk
00:19:32]} {[%emt 00:00:35]} 33. Bxh3 {[%clk 00:01:44]} Nf4+ {[%clk 00:18:15]}
{[%emt 00:01:47]} 34. Bg2 {[%clk 00:01:42]} {[%emt 00:00:33]} Nxg2 {[%clk
00:18:39]} {[%emt 00:00:06]} 35. Kh1 {[%clk 00:02:07]} {[%emt 00:00:04]} h4
{[%clk 00:14:51]} {[%emt 00:04:19]} 36. h3 {[%clk 00:01:31]} {[%emt 00:01:06]}
Qc8 {[%clk 00:14:55]} {[%emt 00:00:25]} 37. Kh2 {[%clk 00:01:55]} {[%emt
00:00:06]} Qg8 {[%clk 00:13:15]} {[%emt 00:02:09]} 38. Rg1 {[%clk 00:02:08]}
{[%emt 00:00:18]} Qd5 {[%clk 00:13:40]} {[%emt 00:00:05]} 39. Qf8+ {[%clk
00:02:09]} {[%emt 00:00:29]} Rg8 {[%clk 00:14:05]} {[%emt 00:00:05]} 40. Qf6+
{[%clk 00:02:35]} {[%emt 00:00:04]} Rg7 {[%clk 00:14:32]} {[%emt 00:00:03]} 41.
Rb1 {[%clk 00:19:09]} {[%emt 00:13:56]} Qg8 {[%clk 00:44:03]} {[%emt 00:01:00]}
42. Rb7 {[%clk 00:19:11]} {[%emt 00:00:27]} Ne1 {[%clk 00:42:54]} {[%emt
00:01:39]} 43. Rxa7 {[%clk 00:12:17]} {[%emt 00:07:25]} Qb8+ {[%clk 00:42:40]}
0-1

[Event "DVM U20 2021"]
[Site "Kiel GER"]
[Date "2022.07.26"]
[Round "7"]
[White "Grunwald, Jonathan"]
[Black "Irkilmez, Yakub"]
[Result "1/2-1/2"]
[Termination "normal"]
[Board "7.2"]
[WhiteElo "1801"]
[BlackElo "2119"]
[WhiteClock "00:01:01"]
[BlackClock "00:00:45"]
[WhiteTeam "Biebertaler Schachfreunde"]
[BlackTeam "Schachfreunde Essen-Katernberg 04/32 e. V."]
[PlyCount "114"]
[WhiteFideId "12955744"]
[BlackFideId "16204581"]
[EventCountry "GER"]
[EventRounds "7"]
[EventType "team-swiss"]
[EventDate "2022.07.22"]

1. e4 {[%clk 01:30:57]} {[%emt 00:00:02]} e6 {[%clk 01:30:51]} {[%emt
00:00:10]} 2. d4 {[%clk 01:31:21]} {[%emt 00:00:06]} d5 {[%clk 01:31:17]}
{[%emt 00:00:04]} 3. Nc3 {[%clk 01:31:44]} {[%emt 00:00:06]} Nf6 {[%clk
01:31:44]} {[%emt 00:00:04]} 4. e5 {[%clk 01:31:54]} {[%emt 00:00:19]} Nfd7
{[%clk 01:32:09]} {[%emt 00:00:05]} 5. Nf3 {[%clk 01:31:52]} {[%emt 00:00:32]}
c5 {[%clk 01:32:32]} {[%emt 00:00:07]} 6. dxc5 {[%clk 01:32:11]} {[%emt
00:00:12]} Nc6 {[%clk 01:33:00]} {[%emt 00:00:02]} 7. Bf4 {[%clk 01:32:18]}
{[%emt 00:00:22]} Nxc5 {[%clk 01:25:42]} {[%emt 00:07:48]} 8. Be2 {[%clk
01:20:29]} {[%emt 00:12:19]} Be7 {[%clk 01:23:13]} {[%emt 00:03:00]} 9. O-O
{[%clk 01:20:06]} {[%emt 00:00:51]} g5 {[%clk 01:19:36]} {[%emt 00:04:08]} 10.
Bg3 {[%clk 01:07:50]} {[%emt 00:12:46]} h5 {[%clk 01:15:08]} {[%emt 00:04:58]}
11. h3 {[%clk 01:06:29]} {[%emt 00:01:52]} a6 {[%clk 01:03:23]} {[%emt
00:12:15]} 12. Nd4 {[%clk 01:00:47]} {[%emt 00:06:11]} h4 {[%clk 00:37:48]}
{[%emt 00:26:05]} 13. Bh2 {[%clk 01:00:55]} {[%emt 00:00:22]} Bd7 {[%clk
00:37:54]} {[%emt 00:00:25]} 14. a3 {[%clk 00:32:04]} {[%emt 00:29:21]} Qb6
{[%clk 00:31:29]} {[%emt 00:06:54]} 15. Nxc6 {[%clk 00:27:57]} {[%emt
00:04:38]} Bxc6 {[%clk 00:31:11]} {[%emt 00:00:47]} 16. b4 {[%clk 00:26:46]}
{[%emt 00:01:41]} Na4 {[%clk 00:30:31]} {[%emt 00:01:10]} 17. Qd2 {[%clk
00:25:08]} {[%emt 00:02:07]} Rc8 {[%clk 00:26:16]} {[%emt 00:04:45]} 18. Nxa4
{[%clk 00:22:12]} {[%emt 00:03:27]} Bxa4 {[%clk 00:26:31]} {[%emt 00:00:14]}
19. Rac1 {[%clk 00:21:56]} {[%emt 00:00:47]} Bb5 {[%clk 00:25:39]} {[%emt
00:01:22]} 20. Kh1 {[%clk 00:21:39]} {[%emt 00:00:48]} Bxe2 {[%clk 00:25:12]}
{[%emt 00:00:56]} 21. Qxe2 {[%clk 00:22:03]} {[%emt 00:00:06]} Qb5 {[%clk
00:24:37]} {[%emt 00:01:04]} 22. Qd2 {[%clk 00:19:52]} {[%emt 00:02:41]} Rg8
{[%clk 00:23:10]} {[%emt 00:01:59]} 23. f3 {[%clk 00:15:28]} {[%emt 00:04:53]}
Qc4 {[%clk 00:21:51]} {[%emt 00:01:48]} 24. c3 {[%clk 00:09:54]} {[%emt
00:06:05]} Rg7 {[%clk 00:12:41]} {[%emt 00:09:40]} 25. Bg1 {[%clk 00:07:02]}
{[%emt 00:03:22]} Qf4 {[%clk 00:05:44]} {[%emt 00:07:26]} 26. Be3 {[%clk
00:06:52]} {[%emt 00:00:40]} Qc4 {[%clk 00:05:29]} {[%emt 00:00:45]} 27. Bd4
{[%clk 00:05:14]} {[%emt 00:02:08]} Qb5 {[%clk 00:03:27]} {[%emt 00:02:32]} 28.
Ra1 {[%clk 00:02:58]} {[%emt 00:02:46]} Rc4 {[%clk 00:01:48]} {[%emt 00:02:10]}
29. a4 {[%clk 00:02:38]} {[%emt 00:00:50]} Qd7 {[%clk 00:01:32]} {[%emt
00:00:46]} 30. a5 {[%clk 00:01:39]} {[%emt 00:01:29]} Qb5 {[%clk 00:01:07]}
{[%emt 00:00:55]} 31. Qc2 {[%clk 00:01:15]} {[%emt 00:00:54]} Kd7 {[%clk
00:00:59]} {[%emt 00:00:38]} 32. Kg1 {[%clk 00:01:01]} {[%emt 00:00:45]} Qc6
{[%clk 00:01:05]} {[%emt 00:00:24]} 33. Qd2 {[%clk 00:01:04]} {[%emt 00:00:26]}
Qb5 {[%clk 00:01:01]} {[%emt 00:00:34]} 34. Qc2 {[%clk 00:01:17]} {[%emt
00:00:17]} Bd8 {[%clk 00:00:58]} {[%emt 00:00:33]} 35. Qf2 {[%clk 00:00:50]}
{[%emt 00:00:56]} Rc6 {[%clk 00:00:57]} {[%emt 00:00:32]} 36. f4 {[%clk
00:00:38]} {[%emt 00:00:42]} gxf4 {[%clk 00:00:56]} {[%emt 00:00:32]} 37. Qxf4
{[%clk 00:00:54]} {[%emt 00:00:13]} Qe2 {[%clk 00:01:03]} {[%emt 00:00:21]} 38.
Rf2 {[%clk 00:00:58]} {[%emt 00:00:28]} Qh5 {[%clk 00:01:24]} {[%emt 00:00:09]}
39. Raf1 {[%clk 00:00:51]} {[%emt 00:00:38]} Ke8 {[%clk 00:00:53]} {[%emt
00:01:00]} 40. Qe3 {[%clk 00:00:37]} {[%emt 00:00:44]} Rc4 {[%clk 00:00:46]}
{[%emt 00:00:36]} 41. Rf3 {[%clk 00:23:46]} {[%emt 00:07:21]} Qg6 {[%clk
00:23:37]} {[%emt 00:07:40]} 42. Qf2 {[%clk 00:23:27]} {[%emt 00:00:50]} Be7
{[%clk 00:22:30]} {[%emt 00:01:36]} 43. Rf4 {[%clk 00:20:45]} {[%emt 00:03:12]}
Qh5 {[%clk 00:20:52]} {[%emt 00:02:08]} 44. Qf3 {[%clk 00:18:06]} {[%emt
00:03:09]} Qh7 {[%clk 00:19:51]} {[%emt 00:01:31]} 45. Qf2 {[%clk 00:13:18]}
{[%emt 00:05:17]} Bg5 {[%clk 00:13:19]} {[%emt 00:07:02]} 46. Rf3 {[%clk
00:08:50]} {[%emt 00:04:59]} Qh5 {[%clk 00:09:54]} {[%emt 00:03:54]} 47. Kh1
{[%clk 00:05:06]} {[%emt 00:04:14]} Bd8 {[%clk 00:07:37]} {[%emt 00:02:47]} 48.
Rf4 {[%clk 00:04:11]} {[%emt 00:01:25]} Be7 {[%clk 00:06:47]} {[%emt 00:01:20]}
49. Kg1 {[%clk 00:04:05]} {[%emt 00:00:37]} Qh7 {[%clk 00:06:04]} {[%emt
00:01:13]} 50. Kh1 {[%clk 00:03:45]} {[%emt 00:00:49]} Kf8 {[%clk 00:04:10]}
{[%emt 00:02:25]} 51. Kg1 {[%clk 00:02:41]} {[%emt 00:01:34]} Kg8 {[%clk
00:03:16]} {[%emt 00:01:23]} 52. Kh1 {[%clk 00:01:40]} {[%emt 00:01:31]} Bg5
{[%clk 00:01:58]} {[%emt 00:01:48]} 53. Rf3 {[%clk 00:01:51]} {[%emt 00:00:19]}
Bd8 {[%clk 00:02:02]} {[%emt 00:00:26]} 54. Kg1 {[%clk 00:01:14]} {[%emt
00:01:07]} Be7 {[%clk 00:01:56]} {[%emt 00:00:36]} 55. Kh1 {[%clk 00:01:08]}
{[%emt 00:00:37]} Qg6 {[%clk 00:01:48]} {[%emt 00:00:38]} 56. Rf4 {[%clk
00:01:07]} {[%emt 00:00:30]} Qh5 {[%clk 00:01:37]} {[%emt 00:00:41]} 57. Kg1
{[%clk 00:01:01]} {[%emt 00:00:36]} Qh7 {[%clk 00:00:45]} {[%emt 00:01:22]}
1/2-1/2

[Event "DVM U20 2021"]
[Site "Kiel GER"]
[Date "2022.07.26"]
[Round "7"]
[White "Gallas, Noel"]
[Black "Peschel, Julia"]
[Result "1-0"]
[Termination "normal"]
[Board "7.3"]
[WhiteElo "1905"]
[BlackElo "1545"]
[WhiteClock "00:29:04"]
[BlackClock "00:18:39"]
[WhiteTeam "Schachfreunde Essen-Katernberg 04/32 e. V."]
[BlackTeam "Biebertaler Schachfreunde"]
[PlyCount "35"]
[WhiteFideId "16216059"]
[BlackFideId "16255593"]
[EventCountry "GER"]
[EventRounds "7"]
[EventType "team-swiss"]
[EventDate "2022.07.22"]

1. e4 {[%clk 01:30:54]} {[%emt 00:00:06]} e5 {[%clk 01:30:52]} {[%emt
00:00:09]} 2. Nc3 {[%clk 01:31:17]} {[%emt 00:00:07]} Nf6 {[%clk 01:30:12]}
{[%emt 00:01:09]} 3. f4 {[%clk 01:31:41]} {[%emt 00:00:06]} d5 {[%clk
01:25:46]} {[%emt 00:04:57]} 4. fxe5 {[%clk 01:31:49]} {[%emt 00:00:21]} Nxe4
{[%clk 01:25:07]} {[%emt 00:01:10]} 5. Qf3 {[%clk 01:32:09]} {[%emt 00:00:09]}
Nxc3 {[%clk 01:18:27]} {[%emt 00:07:11]} 6. bxc3 {[%clk 01:32:27]} {[%emt
00:00:12]} Bc5 {[%clk 01:17:02]} {[%emt 00:01:55]} 7. d4 {[%clk 01:27:42]}
{[%emt 00:05:14]} Bb6 {[%clk 01:16:59]} {[%emt 00:00:33]} 8. Qg3 {[%clk
01:21:37]} {[%emt 00:06:35]} Bf5 {[%clk 01:09:13]} {[%emt 00:08:16]} 9. Nf3
{[%clk 01:13:26]} {[%emt 00:08:41]} Bg6 {[%clk 01:03:55]} {[%emt 00:05:48]} 10.
h4 {[%clk 01:02:14]} {[%emt 00:11:41]} Ba5 {[%clk 00:44:41]} {[%emt 00:19:45]}
11. Bd2 {[%clk 00:54:32]} {[%emt 00:08:12]} h5 {[%clk 00:42:19]} {[%emt
00:02:52]} 12. Bd3 {[%clk 00:41:49]} {[%emt 00:13:13]} Qe7 {[%clk 00:41:24]}
{[%emt 00:01:25]} 13. Bxg6 {[%clk 00:38:34]} {[%emt 00:03:45]} fxg6 {[%clk
00:41:42]} {[%emt 00:00:12]} 14. Qxg6+ {[%clk 00:35:04]} {[%emt 00:04:00]} Qf7
{[%clk 00:41:36]} {[%emt 00:00:36]} 15. Qd3 {[%clk 00:32:39]} {[%emt 00:02:55]}
Nd7 {[%clk 00:36:37]} {[%emt 00:05:29]} 16. Ng5 {[%clk 00:30:45]} {[%emt
00:02:24]} Qe7 {[%clk 00:33:22]} {[%emt 00:03:44]} 17. Qg6+ {[%clk 00:30:08]}
{[%emt 00:01:07]} Kf8 {[%clk 00:18:39]} {[%emt 00:15:14]} 18. O-O+ {[%clk
00:29:04]} {[%emt 00:01:34]} 1-0